Bulging Brains / (Record no. 5132)

MARC details
000 -LEADER
fixed length control field 01735nam a22003017a 4500
001 - CONTROL NUMBER
control field 5132
003 - CONTROL NUMBER IDENTIFIER
control field FISKH
005 - DATE AND TIME OF LATEST TRANSACTION
control field 20250828104729.0
008 - FIXED-LENGTH DATA ELEMENTS--GENERAL INFORMATION
fixed length control field 241107b cb ||||| |||| 00| 0 eng d
020 ## - INTERNATIONAL STANDARD BOOK NUMBER
International Standard Book Number 9780439944472
020 ## - INTERNATIONAL STANDARD BOOK NUMBER
International Standard Book Number 9781407142647
040 ## - CATALOGING SOURCE
Original cataloging agency FISKH
Language of cataloging eng
Transcribing agency FISKH
Modifying agency FISKH
050 ## - LIBRARY OF CONGRESS CALL NUMBER
Classification number Q163.A76
082 ## - DEWEY DECIMAL CLASSIFICATION NUMBER
Classification number 612.82
100 ## - MAIN ENTRY--PERSONAL NAME
Personal name Arnold, Nick
245 ## - TITLE STATEMENT
Title Bulging Brains /
Statement of responsibility, etc. by Nick Arnold : illustrated by Tony De Saulles
260 ## - PUBLICATION, DISTRIBUTION, ETC.
Place of publication, distribution, etc. New York :
Name of publisher, distributor, etc. Scholastic ;
Date of publication, distribution, etc. 1999 .
300 ## - PHYSICAL DESCRIPTION
Extent 169 pages :
Other physical details illustrations ;
Dimensions 21 cm .
490 ## - SERIES STATEMENT
Series statement Horrible Science
505 ## - FORMATTED CONTENTS NOTE
Formatted contents note V <br/>
520 ## - SUMMARY, ETC.
Summary, etc. Cerebellum, lobes, neurons, nerves-these are what make up the brain, the most important organ of all. Did you know that a super-sophisticated computer is sitting right inside your skull? Or how about the fact that it's actually red and slimy? Whether you're taking a test in class, throwing a dodge ball during recess, playing video games at a friend's house, or even sleeping in your bed, you're using your brain. It controls both your motions and emotions, not to mention your speech, senses, digestion, and just about every other body function. We are our brains! But why are some people so smart and others so, well, brain dead? Mind-boggling brainiac Nick Arnold, the Aventis Prize-winning author of the Horrible Science series, relates information to kids with lively humor and never dumbs down the material. Narrator George K. Wilson taps into his higher brain functions to deliver a thoroughly captivating reading.
521 8# - TARGET AUDIENCE NOTE
Target audience note 870 <br/>
Source Lexile <br/>
521 8# - TARGET AUDIENCE NOTE
Target audience note V <br/>
Source Raz-Plus <br/>
650 ## - SUBJECT ADDED ENTRY--TOPICAL TERM
Topical term or geographic name entry element human body
Form subdivision non-fiction
700 ## - ADDED ENTRY--PERSONAL NAME
Personal name Saulles, Tony De
Relator term illustrator
942 ## - ADDED ENTRY ELEMENTS (KOHA)
Source of classification or shelving scheme Dewey Decimal Classification
Koha item type Books
Suppress in OPAC No
Holdings
Withdrawn status Lost status Source of classification or shelving scheme Damaged status Not for loan Collection Home library Current library Shelving location Date acquired Total Checkouts Full call number Barcode Date last seen Copy number Price effective from Koha item type Date last checked out
    Dewey Decimal Classification     Non-Fiction Footprints International School Library Network Toul Kork Campus Footprints International School Library Network Toul Kork Campus A TK Campus, 4th Floor, Room B401, Non-Fiction Bookcases(7-8) 08/28/2025   ARN 612.82 Q163.A76 FISTKG5B060 11/17/2025 3 08/28/2025 Books  
    Dewey Decimal Classification     Non-Fiction Footprints International School Library Network Toul Tom Poung Campus Footprints International School Library Network Toul Tom Poung Campus TTP Secondary Non-Fiction Bookshelves 11/07/2024   ARN 612.82 Q163.A76 FIS01158 11/07/2024 1 11/07/2024 Books  
    Dewey Decimal Classification     Non-Fiction Footprints International School Library Network Toul Tom Poung Campus Footprints International School Library Network Toul Tom Poung Campus TTP Secondary Non-Fiction Bookshelves 11/07/2024 1 ARN 612.82 Q163.A76 FISSE00025 11/25/2025 2 11/07/2024 Books 11/25/2025